000 01105cam a22003137a 4500
003 CHAP
005 20220329134930.0
008 971013s1990 r 10010 d
010 _a28261
011 _a29233
035 _a33344
040 _cCHAP
082 _a631.544063
_bI5
111 0 0 _aInternational Congress the Use of Plastics in Agriculture (
_n11
_d: 1990
_c: New Delhi, India)
_959674
245 0 _aProceedings
260 _aRotterdam :
_bA .A. Balkema,
_c1990
300 _a2v.
_b: ilus.
590 _aBATCH-UPD
_b10
_c20130110
_lUCH01
_h1632
590 _aBATCH-UPD
_b10
_c20130410
_lUCH01
_h1024
590 _aBATCH-UPD
_b10
_c20130914
_lUCH01
_h1650
590 _aCONVERSION
_b10
_c20130109
_lUCH01
_h1316
650 1 4 _aInvernaderos.
_960172
650 1 4 _aPlásticos en agricultura.
_989199
650 1 4 _aPlásticos en agricultura
_xCongresos.
_989200
901 _aBK
942 _cLIBRO
949 _a631.544063 I5
_bBC
_cLIBRO
_d33724000161873
_eLIBRO
_fv.1
_gI.173767
_h87711
_i33344
_si
_t227.94
949 _a631.544063 I5
_bBC
_cLIBRO
_d33724000161881
_eLIBRO
_fv.2
_gI.173767
_h87712
_i33344
_si
_t227.94
999 _c28261
_d28261